[Event "RUS-chT Blitz Women 2018"]
[Site "Sochi"]
[Date "2018.10.10"]
[Round "6"]
[White "Maltseva, Aleksandra"]
[Black "Suslova, Alena"]
[Result "0-1"]
[WhiteElo "1347"]
[BlackElo "2157"]
[Annotator "TA"]
[PlyCount "114"]
[EventDate "2018.10.10"]
[EventType "swiss"]
[EventCountry "RUS"]
[SourceTitle "playchess.com"]
[Source "ChessBase"]
[SourceQuality "1"]

{[%evp 17,113,20,25,0,8,0,0,0,18,4,11,11,12,10,4,0,6,-46,-49,-47,-46,-163,-156,-158,-156,-177,-175,-210,-179,-302,-282,-361,-332,-432,-364,-457,-439,-532,-523,-715,-709,-733,-709,-924,-941,-927,-767,-1228,-1181,-2097,-2072,-3411,-2977,-29975,-2288,-5235,-5227,-29986,-1485,-29990,-29991,-29991,-29987,-29992,-29991,-29992,-29983,-29983,-29984,-29983,-12845,-29986,-29987,-29987,-29988,-29990,-29991,-29991,-29991,-29991,-29992,-29992,-12844,-29991,-29991,-29991,-29989,-29989,-29987,-29987,-29988,-29991,-29991,-29996,-29993,-29998,-29999,-29999]} 1. e4 c5 2. Nf3 Nc6 3. c3 Nf6 4. e5 Nd5 5. d4 cxd4 6. cxd4 e6 7. Nc3 Nxc3 8. bxc3 d6 9. Bb5 Bd7 {LiveBook: 3 Games. B22: Sicilian: 2 c3} (9... Qa5 10. Qd3 Bd7 11. exd6 Bxd6 12. O-O a6 13. Bc4 Ne7 14. Re1 Rc8 15. Bd2 Qc7 16. Bb3 Bb5 17. Qe4 {0-1 (42) Santagati,A (2269)-Wan,Y (2485) Cappelle-la-Grande 2016}) 10. O-O {Strongly threatening d5.} (10. exd6 {feels hotter.} Bxd6 11. O-O O-O 12. Qe2 Ne7 13. Bd3) 10... dxe5 11. Bxc6 Bxc6 {The position is equal.} 12. Nxe5 Qd5 {[%csl Gc6][%cal Rd5g2]} 13. Nxc6 Qxc6 14. Qb3 Bd6 $146 ({Predecessor:} 14... Be7 15. Re1 Bf6 16. Ba3 {1-0 (31) Przezdziecki,M-Sobotka,J (1578) Warsaw 2013}) 15. Be3 O-O 16. Rab1 b6 17. f4 (17. c4 $11) 17... Rac8 $15 18. Rbc1 Qc4 19. Qc2 {[#]} (19. f5 $15) 19... Ba3 $1 $19 20. Rce1 Qxc3 21. Qe4 Qc2 $36 {[%mdl 2048] Black is on the roll.} 22. Qf3 Qxa2 23. Qg4 (23. Ra1 $142 Qb3 24. Bd2 Qxf3 25. Rxf3) 23... f5 24. Qg5 Rc7 25. Rf3 Bb4 26. Ref1 Rfc8 27. Rg3 a5 28. Qh6 a4 29. Qh5 a3 30. Rh3 g6 31. Qg5 Rf7 32. d5 Qxd5 33. Bxb6 a2 34. Be3 Bc3 35. Qg3 a1=Q (35... Rb7 $142 36. Qf2 Rb1 37. Rf3 Rxf1+ 38. Qxf1 a1=Q 39. Qxa1 Bxa1 40. h3 e5 41. Rf1 exf4 42. Bf2 Be5 43. h4 Rc2 44. Kh1 Bd4 45. h5 Bxf2 46. hxg6 hxg6 47. Ra1 Bd4 48. Ra8+ Qxa8 49. Kh2 Qxg2#) 36. Rxa1 Bxa1 37. Qf2 Bf6 (37... Rb7 $142 38. Qf1 Bd4 39. Bxd4 Qxd4+ 40. Kh1 {[#]} Qxf4 $1 {[%mdl 512]} 41. Rf3 Qd2 42. Kg1 Rc1 43. Qxc1 Qxc1+ 44. Rf1 Qd2 45. Ra1 Rb2 46. Ra8+ Kg7 47. Ra7+ Kf6 48. Rf7+ Kxf7 49. h4 Qxg2#) 38. Bd2 Bd4 39. Re3 Bxe3 40. Qxe3 Rd7 41. h3 Re8 42. Be1 Qd4 43. Qxd4 Rxd4 44. Bc3 Rxf4 45. Be5 Re4 46. Bc3 Rc8 47. Ba5 Ra4 48. Be1 e5 49. Kf2 e4 (49... Rc2+ $142 50. Kf1 Ra1 51. g3 Kf7 52. h4 h5 53. g4 fxg4 54. Kg1 Rxe1#) 50. Bd2 Ra2 {Black mates.} 51. Ke3 Rxd2 52. Kxd2 {[%mdl 4096] Endgame KR-KPP} Kf7 53. Ke3 Ke6 54. Kf4 Rc2 55. Ke3 Rxg2 56. h4 Ke5 {[%csl Ge5][%cal Rf5f4]} 57. h5 f4# {Precision: White = 23%, Black = 76%.} 0-1

[Event "RUS-chT Blitz Women 2018"]
[Site "Sochi"]
[Date "2018.10.10"]
[Round "6"]
[White "Khusneeva, Alina"]
[Black "Mukhina, Jana"]
[Result "0-1"]
[WhiteElo "1066"]
[BlackElo "2072"]
[Annotator "NA RC"]
[PlyCount "56"]
[EventDate "2018.10.10"]
[EventType "swiss"]
[EventCountry "RUS"]
[SourceTitle "playchess.com"]
[Source "ChessBase"]
[SourceQuality "1"]
[TimeControl "180+2"]

1. e4 {[%emt 0:00:00]} e5 {[%emt 0:00:00]} 2. Nf3 {[%emt 0:00:02]} Nc6 {[%emt 0:00:00]} 3. Bb5 {[%emt 0:00:01]} g6 {[%emt 0:00:00]} 4. d3 {[%emt 0:00:05]} Bg7 {[%emt 0:00:00]} 5. O-O {[%emt 0:00:04]} Nge7 {[%emt 0:00:04]} 6. c3 {[%emt 0:00:05]} O-O {[%emt 0:00:01]} 7. Re1 {[%emt 0:00:04]} d6 {[%emt 0:00:05]} 8. d4 {[%emt 0:00:13]} a6 {[%emt 0:00:03]} 9. Ba4 {[%emt 0:00:03]} b5 {[%emt 0:00:01]} 10. Bb3 {[%emt 0:00:05]} Na5 {[%emt 0:00:10]} 11. Bc2 {[%emt 0:00:03]} c5 {[%emt 0:00:03]} 12. dxc5 {[%emt 0:00:12]} dxc5 {[%emt 0:00:01]} 13. Qe2 {[%emt 0:00:17]} Qc7 {[%emt 0:00:05]} 14. Nbd2 {[%emt 0:00:07]} Be6 {[%emt 0:00:07]} 15. Nf1 {[%emt 0:00:02]} Rad8 {[%emt 0:00:26]} 16. Be3 {[%emt 0:00:12]} Nc4 {[%emt 0:00:01]} 17. b3 {[%emt 0:00:14]} Nxe3 {[%emt 0:00:08]} 18. Nxe3 {[%emt 0:00:02]} h6 {[%emt 0:00:04]} 19. Rad1 {[%emt 0:00:08]} Qa5 {[%emt 0:00:05]} 20. c4 {[%emt 0:00:05]} Nc6 {[%emt 0:00:13]} 21. Ra1 {[%emt 0:00:10]} Nd4 {[%emt 0:00:01]} 22. Nxd4 {[%emt 0:00:08]} exd4 {[%emt 0:00:02]} 23. Nd5 {[%emt 0:00:10]} Bxd5 {[%emt 0:00:02]} 24. exd5 {[%emt 0:00:03]} d3 {[%emt 0:00:03]} 25. Qxd3 {[%emt 0:00:06]} Bxa1 {[%emt 0:00:02]} 26. Rxa1 {[%emt 0:00:02]} Rfe8 {[%emt 0:00:07]} 27. Qh3 {[%emt 0:00:21]} Re1+ {[%emt 0:00:02]} 28. Rxe1 {[%emt 0:00:04]} Qxe1# {[%emt 0:00:02]} 0-1